000 00335nam a22001457a 4500
008 230707b ||||| |||| 00| 0 eng d
020 _a9780321006004
041 _aeng
080 _2SECOND EDITION
_a34
082 _a34HOR
100 _a32
101 _aJURE PSI
245 _aTHE PSYCHOLOGY OF LAW
_cHOROWITZ.A.I
942 _2udc
_cBK
999 _c60125
_d60125